000
00300nam a22001337a 4500
999
_c
168257
_d
168257
082
_a
_b
100
_a
Andrew Dudley J
245
_a
The majour film theories an introduction/
_c
by Andrew Dudley J.
260
_a
_b
Oxford,
_c
2008.
300
_a
278p.
600
_a
650
_a
942
_c
BK